| 000 | 00588nam a2200205Ia 4500 | ||
|---|---|---|---|
| 005 | 20250508154654.0 | ||
| 008 | 008 250505s9999 xx 000 0 eng d | ||
| 037 | _aTextual | ||
| 040 |
_aFEDL _beng _cFEDL |
||
| 041 |
_aeng _2eng |
||
| 084 |
_a155.4, EIS _qFEDL |
||
| 100 |
_aEissler Ruth S. Ed. _9765826 |
||
| 245 | 4 | _aThe psychoanalytic study of the child. Vol 20 | |
| 260 |
_aLondon, UK _bHogarth Press _c1965 |
||
| 300 | _a566p. | ||
| 650 | _aChild Psychology | ||
| 700 |
_a Hartmann Heinz Ed. _9765827 |
||
| 942 |
_cTEXL _h155.4, EIS |
||
| 999 |
_c1351522 _d1351522 |
||